Argentyńczycy z Czterema Trofeami 2021-2024 (Copa America, Mundial) - Statystyki

Ogólne statystyki
  • Ten quiz został rozwiązany 47 razy
  • Średni wynik to 8 z 13
Statystyki odpowiedzi
Pozycja Zawodnik % Poprawnych
N Lionel Messi
98%
PS Angel Di Maria
95%
BR Emiliano Martinez
95%
N Lautaro Martinez
95%
ŚO Nicolas Otamendi
79%
N Julian Alvarez
74%
ŚP Rodrigo De Paul
60%
LO Nicolas Tagliafico
57%
ŚO Cristian Romero
55%
PO Nahuel Molina
52%
ŚP Exequiel Palacios
21%
ŚO German Pezzella
17%
ŚP Guido Rodriguez
12%
Nie znaleziono quizów pasujących do podanych kryteriów
Rozkład punktacji
Procent ludzi z każdym wynikiem
Percentyl według liczby udzielonych odpowiedzi
Twoja historia wyników
Nie rozwiązałeś tego quizu